Sieťová analýza a manažment projektov /

Gespeichert in:
Bibliographische Detailangaben
Hauptverfasser: Gliviak, Ferdinand, 1942- (VerfasserIn), Vadkerti, Peter (VerfasserIn)
Format: Buch
Sprache:Slowakisch
Veröffentlicht: Trnava : Univerzita sv. Cyrila a Metoda v Trnave, 2001
Ausgabe:1. vyd.
Schlagworte:
ISBN:8089034012
Online-Zugang: Volltext
Tags: Tag hinzufügen
Keine Tags, Fügen Sie den ersten Tag hinzu!

MARC

LEADER 00000nam a2200000 4500
003 SK-BrCVT
005 20230928104504.0
008 010901s2001 xo ad f p ||||||slo d
020 |a 8089034012  |q (brož.) 
035 |a CVTIDW0959818 
040 |b slo  |a CVTI SR  |d CVT  |c CVT 
041 0 |a slo 
044 |a xo  |c SK 
080 |a 51:004:65.012.4  |2 UDC-MRF 
080 |a 004.7  |2 2011 
080 |a 005  |2 2011 
100 1 |a Gliviak, Ferdinand,  |4 aut  |d 1942- 
245 1 0 |a Sieťová analýza a manažment projektov /  |c Ferdinand Gliviak, Peter Vadkerti 
250 |a 1. vyd. 
260 |a Trnava :  |b Univerzita sv. Cyrila a Metoda v Trnave,  |c 2001 
300 |a 96 s. :  |b fotogr., grafy, lit., obr., tab. ;  |c 29 cm 
366 |e 100 ks  
500 |a Fakulta prírodných vied 
653 1 |a teória grafov  |a digraf  |a riadenie projektov  |a softvér 
653 1 |a matematika  |a počítačová sieť  |a manažment 
700 1 T |a Vadkerti, Peter  |4 aut 
910 |b S579285  |b A631159 
919 |a 80-89034-01-2 
959 |a 08 
974 |a katarina.repata  |b Roman Duffek 
992 |a AUV 
999 |c 109578  |d 109578